<?xml version="1.0" encoding="UTF-8"?><?xml-stylesheet type="text/xsl" href="static/style.xsl"?><OAI-PMH xmlns="http://www.openarchives.org/OAI/2.0/" xmlns:xsi="http://www.w3.org/2001/XMLSchema-instance" xsi:schemaLocation="http://www.openarchives.org/OAI/2.0/ http://www.openarchives.org/OAI/2.0/OAI-PMH.xsd"><responseDate>2026-06-07T07:48:26Z</responseDate><request verb="GetRecord" identifier="oai:riuma.uma.es:10630/39281" metadataPrefix="marc">https://riuma.uma.es/rest/oai/request</request><GetRecord><record><header><identifier>oai:riuma.uma.es:10630/39281</identifier><datestamp>2026-02-03T11:21:30Z</datestamp><setSpec>com_10630_2254</setSpec><setSpec>col_10630_37953</setSpec></header><metadata><record xmlns="http://www.loc.gov/MARC21/slim" xmlns:dcterms="http://purl.org/dc/terms/" xmlns:doc="http://www.lyncode.com/xoai" xmlns:xsi="http://www.w3.org/2001/XMLSchema-instance" xsi:schemaLocation="http://www.loc.gov/MARC21/slim http://www.loc.gov/standards/marcxml/schema/MARC21slim.xsd">
   <leader>00925njm 22002777a 4500</leader>
   <datafield ind2=" " ind1=" " tag="042">
      <subfield code="a">dc</subfield>
   </datafield>
   <datafield ind2=" " ind1=" " tag="720">
      <subfield code="a">Jerrim, John</subfield>
      <subfield code="e">author</subfield>
   </datafield>
   <datafield ind2=" " ind1=" " tag="720">
      <subfield code="a">López-Agudo, Luis Alejandro</subfield>
      <subfield code="e">author</subfield>
   </datafield>
   <datafield ind2=" " ind1=" " tag="720">
      <subfield code="a">Marcenaro-Gutiérrez, Óscar David</subfield>
      <subfield code="e">author</subfield>
   </datafield>
   <datafield ind2=" " ind1=" " tag="260">
      <subfield code="c">2024-12-17</subfield>
   </datafield>
   <datafield ind2=" " ind1=" " tag="520">
      <subfield code="a">Grouping students into different classes based upon their academic achievement or ability is a relatively common practice across the world, particularly in English-speaking countries. Yet some argue that teaching students in mixed-ability classes is a better approach, with important benefits for those from disadvantaged socio-economic backgrounds. Unfortunately, existing evidence comparing outcomes across these approaches is scant. This paper hence provides new international evidence on this matter, drawing upon data from the 2015 Trends in Mathematics and Science Study study. Our results point towards null effects; neither approach leads to demonstrably better outcomes for students than the other. This also holds true for young people from disadvantaged socio-economic backgrounds, suggesting that between-class ability grouping does not harm the educational prospects of these children. Some limited evidence does emerge, however, that primary school teachers believe they are better able to support struggling students—and challenge the highest achievers—when ability grouping is used.</subfield>
   </datafield>
   <datafield ind1="8" ind2=" " tag="024">
      <subfield code="a">John Jerrim, Luis Alejandro Lopez-Agudo, Oscar David Marcenaro-Gutierrez, Does within-school between-class ability grouping harm the educational outcomes of socio-economically disadvantaged children? International evidence, European Sociological Review, 2024;, jcae050, https://doi.org/10.1093/esr/jcae050</subfield>
   </datafield>
   <datafield ind1="8" ind2=" " tag="024">
      <subfield code="a">https://hdl.handle.net/10630/39281</subfield>
   </datafield>
   <datafield ind1="8" ind2=" " tag="024">
      <subfield code="a">10.1093/esr/jcae050</subfield>
   </datafield>
   <datafield tag="653" ind2=" " ind1=" ">
      <subfield code="a">Pedagogía</subfield>
   </datafield>
   <datafield tag="653" ind2=" " ind1=" ">
      <subfield code="a">Dinámica de grupos</subfield>
   </datafield>
   <datafield tag="653" ind2=" " ind1=" ">
      <subfield code="a">Escolares - Psicología</subfield>
   </datafield>
   <datafield tag="653" ind2=" " ind1=" ">
      <subfield code="a">Movilidad social</subfield>
   </datafield>
   <datafield ind2="0" ind1="0" tag="245">
      <subfield code="a">Does within-school between-class ability grouping harm the educational outcomes of socio-economically disadvantaged children?</subfield>
   </datafield>
</record>
</metadata></record></GetRecord></OAI-PMH>